000 01466ny a22002893n 4500
005 20240305165318.0
008 950503s1999 sp s 000 0 spa c
020 _a8497680324
035 _a777
040 _aUMA.RE
_dvLex
080 _a347.77/.78(460)(063)
090 _c537
_d537
245 0 0 _aActas de derecho industrial y derecho de autor.
_nTomo XIX,
_p(1998)
_h[Recurso electrónico]
_cInstituto de Derecho Industrial, Universidad de Santiago (España)
256 _aServicio en línea
260 _a[Santiago de Compostela] :
_bUniversidad de Santiago de Compostela, Departamento de Derecho Mercantil y del Trabajo ;
_aMadrid :
_bMarcial Pons, Ediciones jurídicas
_c1999
506 1 _aContenido solo disponible en los productos indicados
_dvLex Global
_dvLex Global (Academic Edition, excluding Law Schools)
_dvLex Global (U.S. Academic Edition, Law Schools)
_dvLex Global (U.S. Academic Edition, excluding Law Schools)
_dvLex Global (Academic Edition, Law Schools)
650 0 4 _aDerecho industrial
_2Tesauro vLex
650 0 4 _aIndustrias
_2Tesauro vLex
650 0 4 _aPropiedad industrial
_2Tesauro vLex
650 0 4 _aCivil
_2Tesauro vLex
650 0 4 _aPropiedad intelectual
_2Tesauro vLex
650 0 4 _aDerechos de autor
_2Tesauro vLex
710 2 _aUniversidad de Santiago de Compostela.
_bDepartamento de Derecho Mercantil y del Trabajo
740 0 _avLex Libros (Servicios en línea)
856 4 0 _uhttps://app.vlex.com/#/sources/777
942 _cRAA
999 _c159061
_d159061